000 00841cam a22002771 4500
001 sa 65001831
003 DLC
005 20260227112112.0
008 840628s1964 ii b 000 0 hin
010 _asa 65001831
025 _aPL480:I-H-1833
035 _a(OCoLC)21659617
040 _aDLC
_cCU
_dDLC
050 0 0 _aPK2095.P23
_bG3 1964
100 0 _aPadmākara,
_d1753-1833.
245 1 0 _aGaṅgālaharī.
_cPadmākarakr̥ta. [Saṃpādaka] Sudhākara Pāṇḍeya.
250 _a[Prathama saṃskaraṇa]
260 _aKāśī,
_bNāgarīpracāriṇī Sabhā
_c[1964]
300 _a62 p.
_c22 cm.
490 1 _aPāṭhopayogī pustakamālā ;
_v12
546 _aIn Hindi.
500 _aA poem.
504 _aBibliographical footnotes.
700 1 _aPandey, Sudhakar,
_d1927-
830 0 _aPāṭhopayogī pustakamālā ;
_v12.
999 _c62266
_d62266